| 000 | 00584nam a22002057a 4500 | ||
|---|---|---|---|
| 003 | BUBTL | ||
| 008 | 140129b xxu||||| |||| 00| 0 eng d | ||
| 020 | _a0324009550 | ||
| 082 | _a658.1599/ M2679i/ 2000 | ||
| 100 |
_938 _a Madura, Jeff |
||
| 245 |
_aInternational financial management : _cJeff Madura |
||
| 250 | _a6th ed. | ||
| 260 |
_aBoston, _bSouth Western College, _cc2000. |
||
| 300 |
_a[xxv], 660p . : _bill. Chart, Map ; 27cm . |
||
| 500 | _aIncludes Index . | ||
| 650 | 0 |
_918 _aFinance |
|
| 856 |
_k0 _l0 _yDownload |
||
| 942 |
_2ddc _cBK |
||
| 999 |
_c21 _d21 |
||